[Event "2013 Blitz Round Robin"]
[Site "SchemingMind.com"]
[Date "2013.02.17"]
[Round "-"]
[White "krzysztof"]
[Black "Phillip Beckett"]
[Result "0-1"]
[WhiteCountry "POL"]
[BlackCountry "ENG"]
[WhiteElo "1477"]
[WhiteRD "66"]
[BlackElo "1550"]
[BlackRD "49"]
[GameID "327138"]

1. e4 e5 2. Nf3 Nc6 3. Bc4 Nf6 4. d3 Be7 5. Bg5 d6 6. h3 h6 7. Bh4 O-O 8. g4 Nh7 9. Bxe7 Qxe7 10. Nc3 Ng5
11. h4 Nxf3+ 12. Qxf3 Nd4 13. Qd1 Qf6 14. Nd5 Qd8 15. f3 c6 16. Ne3 b5 17. Bb3 a5 18. a3 Nxb3 19. cxb3 Be6 20. Qc2 c5
21. b4 axb4 22. b3 bxa3 23. Nd5 Bxd5 24. exd5 Qa5+ 25. Ke2 b4
0-1

[Event "2013 Blitz Round Robin"]
[Site "SchemingMind.com"]
[Date "2013.02.17"]
[Round "-"]
[White "krzysztof"]
[Black "vitrazv"]
[Result "0-1"]
[WhiteCountry "POL"]
[BlackCountry "MEX"]
[WhiteElo "1477"]
[WhiteRD "66"]
[BlackElo "1981"]
[BlackRD "85"]
[GameID "327140"]

1. Nc3 e5 2. e4 Nf6 3. Nf3 Bb4 4. a3 Bxc3 5. dxc3 O-O 6. Ng5 h6 7. Nh3 Nxe4 8. Bxh6 gxh6 9. Qg4+ Ng5 10. Bd3 d5
11. Qh5 Nxh3 12. gxh3 Qg5
0-1

[Event "2013 Blitz Round Robin"]
[Site "SchemingMind.com"]
[Date "2013.02.17"]
[Round "-"]
[White "krzysztof"]
[Black "simpet"]
[Result "1-0"]
[WhiteCountry "POL"]
[BlackCountry "ENG"]
[WhiteElo "1569"]
[WhiteRD "70"]
[BlackElo "1629"]
[BlackRD "54"]
[GameID "327141"]

1. e4 Nc6 2. d4 e6 3. Nf3 f5 4. e5 d6 5. Bg5 Be7 6. h4 h6 7. Be3 dxe5 8. Bb5 Bd7 9. Bxc6 Bxc6 10. Nxe5 Bxg2
11. Qh5+ g6 12. Qxg6+
1-0

[Event "2013 Blitz Round Robin"]
[Site "SchemingMind.com"]
[Date "2013.02.22"]
[Round "-"]
[White "krzysztof"]
[Black "SAMAEL"]
[Result "0-1"]
[WhiteCountry "POL"]
[BlackCountry "CAN"]
[WhiteElo "1477"]
[WhiteRD "66"]
[BlackElo "1713"]
[BlackRD "45"]
[GameID "327142"]

1. e4 e5 2. Nf3 Nc6 3. c3 Nf6 4. d4 exd4 5. cxd4 d6 6. Bd3 Be7 7. O-O O-O 8. Ng5 Qe8 9. Nc3 h6 10. Nf3 a6
11. Re1 Qd8 12. d5 Na7 13. e5 dxe5 14. Nxe5 Nd7
0-1

[Event "2013 Blitz Round Robin"]
[Site "SchemingMind.com"]
[Date "2013.02.17"]
[Round "-"]
[White "krzysztof"]
[Black "murgu"]
[Result "0-1"]
[WhiteCountry "POL"]
[BlackCountry "ROU"]
[WhiteElo "1477"]
[WhiteRD "66"]
[BlackElo "1900"]
[BlackRD "80"]
[GameID "327143"]

1. e4 c5 2. Bc4 Nc6 3. d3 Nf6 4. Bg5 e6 5. Nc3 Be7 6. Nh3 O-O 7. O-O d5 8. exd5 Nxd5 9. Bxe7 Ncxe7 10. Qh5 g6
11. Qh6 Nf5 12. Qd2 Nxc3 13. Qxc3 Nd4 14. Qd2 b5 15. Bb3 c4 16. Qh6 Nf5 17. Qf4 cxb3 18. axb3 Qd4 19. Qxd4 Nxd4 20. Ra5 Nxc2
21. Rxb5 Ba6 22. Rc5 Bxd3 23. Rd1 Nb4 24. Nf4 Bc2 25. Rd7 Bxb3 26. Rcc7 a5
0-1

[Event "2013 Blitz Round Robin"]
[Site "SchemingMind.com"]
[Date "2013.02.18"]
[Round "-"]
[White "fouche"]
[Black "krzysztof"]
[Result "1-0"]
[WhiteCountry "COL"]
[BlackCountry "POL"]
[WhiteElo "1576"]
[WhiteRD "64"]
[BlackElo "1477"]
[BlackRD "66"]
[GameID "327144"]

1. d4 d5 2. Nf3 Nf6 3. e3 Bf5 4. c4 dxc4 5. Bxc4 e6 6. O-O Bd6 7. Nc3 c6 8. Re1 Qc7 9. Bd3 Bg4 10. h3 Bh2+
11. Kh1 Bxf3 12. Qxf3 Bd6 13. e4 Nbd7 14. e5 Bxe5 15. dxe5 Nxe5 16. Qg3 O-O-O 17. Bf1 Nd3 18. Bxd3
1-0

[Event "2013 Blitz Round Robin"]
[Site "SchemingMind.com"]
[Date "2013.02.17"]
[Round "-"]
[White "Jacek"]
[Black "krzysztof"]
[Result "1-0"]
[WhiteCountry "POL"]
[BlackCountry "POL"]
[WhiteElo "1780"]
[WhiteRD "70"]
[BlackElo "1569"]
[BlackRD "70"]
[GameID "327145"]

1. e4 e5 2. Bc4 Nf6 3. d4 exd4 4. Nf3 d6 5. Nxd4 Bg4 6. f3 Bh5 7. O-O c5 8. Nf5 Nc6 9. Nc3 g6 10. Ne3 g5
11. Nf5 Bg6 12. Bxg5 h6 13. Bf4 Qd7 14. Bxd6 Bxd6 15. Nxd6+ Kf8 16. Rf2 a6 17. Rd2 Nd4 18. e5 Ne8 19. Nce4 Bxe4 20. Nxe4 Rg8
21. c3 Nxf3+ 22. Qxf3 Qe7 23. e6 Rd8 24. exf7 Qxf7 25. Qxf7#
1-0

[Event "2013 Blitz Round Robin"]
[Site "SchemingMind.com"]
[Date "2013.02.17"]
[Round "-"]
[White "Phillip Beckett"]
[Black "krzysztof"]
[Result "1-0"]
[WhiteCountry "ENG"]
[BlackCountry "POL"]
[WhiteElo "1550"]
[WhiteRD "49"]
[BlackElo "1477"]
[BlackRD "66"]
[GameID "327146"]

1. e4 e5 2. Nf3 Nc6 3. Bb5 Qf6 4. d3 h6 5. c3 Bc5 6. Nbd2 a6 7. Bxc6 dxc6 8. Nf1 Bg4 9. Be3 b6 10. Bxc5 bxc5
11. Ne3 h5 12. Qe2 Ne7 13. h3 Be6 14. d4 cxd4 15. cxd4 exd4 16. e5 Qh6 17. Nxd4 Bd5 18. Nxd5 cxd5 19. e6 fxe6 20. Qxe6 Qxe6+
21. Nxe6 Kd7 22. Nc5+ Kd6 23. Rc1 Rhe8 24. O-O Nf5 25. Nd3 g5 26. Rfe1 g4 27. hxg4 hxg4 28. Rxe8
1-0

[Event "2013 Blitz Round Robin"]
[Site "SchemingMind.com"]
[Date "2013.02.18"]
[Round "-"]
[White "vitrazv"]
[Black "krzysztof"]
[Result "1-0"]
[WhiteCountry "MEX"]
[BlackCountry "POL"]
[WhiteElo "1981"]
[WhiteRD "85"]
[BlackElo "1477"]
[BlackRD "66"]
[GameID "327148"]

1. e4 e5 2. Nf3 Nc6 3. Bb5 Qf6 4. d3 Nd4 5. Nxd4 Bc5 6. Nf3 a6 7. Ba4 b5 8. Bb3 Nh6 9. O-O d6 10. d4 exd4
11. Bd5
1-0

[Event "2013 Blitz Round Robin"]
[Site "SchemingMind.com"]
[Date "2013.02.18"]
[Round "-"]
[White "simpet"]
[Black "krzysztof"]
[Result "1-0"]
[WhiteCountry "ENG"]
[BlackCountry "POL"]
[WhiteElo "1608"]
[WhiteRD "55"]
[BlackElo "1477"]
[BlackRD "66"]
[GameID "327149"]

1. e4 e5 2. Nc3 Nc6 3. Nf3 Nf6 4. Bb5 Bb4 5. O-O d5 6. a3 Bc5 7. Nxe5 Bd7 8. Nxc6 Bxc6 9. Bxc6+ bxc6 10. exd5 cxd5
11. Re1+ Be7 12. Qe2 h5 13. d3 c6 14. Bg5 h4 15. h3 Rc8 16. Na4 Rc7 17. Qe5 Rh5 18. Qf4 Kf8 19. Bxh4 Nh7 20. Bxe7+
1-0

[Event "2013 Blitz Round Robin"]
[Site "SchemingMind.com"]
[Date "2013.02.22"]
[Round "-"]
[White "SAMAEL"]
[Black "krzysztof"]
[Result "1-0"]
[WhiteCountry "CAN"]
[BlackCountry "POL"]
[WhiteElo "1713"]
[WhiteRD "45"]
[BlackElo "1477"]
[BlackRD "66"]
[GameID "327150"]

1. e4 e5 2. Nf3 Nc6 3. Nc3 Nf6 4. Be2 Bb4 5. d3 Bxc3+ 6. bxc3 d6 7. O-O Be6 8. Ng5 Qe7 9. h3 h6 10. Nxe6 Qxe6
11. a3 g5 12. Rb1 b6 13. Re1
1-0

[Event "2013 Blitz Round Robin"]
[Site "SchemingMind.com"]
[Date "2013.02.17"]
[Round "-"]
[White "murgu"]
[Black "krzysztof"]
[Result "1-0"]
[WhiteCountry "ROU"]
[BlackCountry "POL"]
[WhiteElo "1900"]
[WhiteRD "80"]
[BlackElo "1477"]
[BlackRD "66"]
[GameID "327151"]

1. Nf3 Nc6 2. d4 d5 3. c4 dxc4 4. Nc3 e6 5. e4 Bb4 6. Bxc4 Nf6 7. Bg5 h6 8. Bxf6 Qxf6 9. O-O O-O 10. e5 Qf4
11. Ne2 Qg4 12. h3 Qe4 13. a3 Ba5 14. Bd3 Qd5 15. Bb1 f6 16. Nf4 Qd7 17. Nxe6 Qxe6 18. Ba2 Qxa2 19. Rxa2 Be6 20. Ra1 Bc4
21. exf6
1-0

[Event "2013 Blitz Round Robin"]
[Site "SchemingMind.com"]
[Date "2013.02.18"]
[Round "-"]
[White "MazetaFighter"]
[Black "fouche"]
[Result "1-0"]
[WhiteCountry "GRE"]
[BlackCountry "COL"]
[WhiteElo "1852"]
[WhiteRD "80"]
[BlackElo "1576"]
[BlackRD "64"]
[GameID "327199"]

1. d4 Nf6 2. c4 c5 3. d5 e5 4. Nc3 d6 5. e4 Na6 6. Bd3 Nc7 7. Nf3 a6 8. h3 Bd7 9. a4 Rb8 10. O-O Be7
11. Be3 O-O 12. Nh2 b5 13. axb5 axb5 14. cxb5 Nxb5 15. g4 Nd4 16. Bc1 Bb5 17. Nxb5 Nxb5 18. Nf3 Nd4 19. Nxd4 cxd4 20. Qe2 Nd7
21. f4 Qb6 22. Ra6 Qc7 23. f5 Rb6 24. Rxb6= Qxb6 25. g5 Rb8 26. f6 Bf8 27. fxg7 Bxg7 28. Kh1 Nc5 29. Bc2 Qb5 30. Qxb5 Rxb5
31. Rf3 Na4 32. Bxa4 Ra5 33. b3 Rc5 34. Ba3 Rc3 35. Rxc3 dxc3 36. b4
1-0

[Event "2013 Blitz Round Robin"]
[Site "SchemingMind.com"]
[Date "2013.02.18"]
[Round "-"]
[White "MazetaFighter"]
[Black "Jacek"]
[Result "1/2-1/2"]
[WhiteCountry "GRE"]
[BlackCountry "POL"]
[WhiteElo "1852"]
[WhiteRD "80"]
[BlackElo "1815"]
[BlackRD "70"]
[GameID "327200"]

1. d4 Nf6 2. c4 g6 3. Nc3 Bg7 4. e4 d6 5. Nf3 O-O 6. Be2 e5 7. dxe5 dxe5 8. Qxd8 Rxd8 9. Bg5 h6 10. Bxf6 Bxf6
11. Nd5 Rxd5 12. cxd5 Nd7 13. O-O-O Nc5 14. Nd2 Bg5 15. f3 f5 16. b4 Na4 17. Kc2 a5 18. b5 Bd7 19. Kb3 Nc5+ 20. Kc4 b6
21. exf5 Bxf5 22. h4 Bf4 23. Nf1 Bc2 24. Re1 e4 25. g3 Bd6 26. fxe4 Bxe4 27. Rh2 Be5 28. Rd1 Rf8 29. Nd2 Bxg3 30. Nxe4=
1/2-1/2

[Event "2013 Blitz Round Robin"]
[Site "SchemingMind.com"]
[Date "2013.02.17"]
[Round "-"]
[White "MazetaFighter"]
[Black "Phillip Beckett"]
[Result "1-0"]
[WhiteCountry "GRE"]
[BlackCountry "ENG"]
[WhiteElo "1852"]
[WhiteRD "80"]
[BlackElo "1550"]
[BlackRD "49"]
[GameID "327201"]

1. e4 e5 2. Nf3 Nc6 3. Bb5 a6 4. Ba4 Nf6 5. O-O Be7 6. Re1 b5 7. Bb3 O-O 8. c3 d5 9. exd5 Nxd5 10. Nxe5 Nxe5
11. Rxe5 Nf6 12. d4 Bd6 13. Re1 Ng4 14. h3 Qh4 15. Qf3 Nxf2 16. Bd2 Bb7 17. Qxb7 Nd3 18. Re2 Qg3 19. Kf1 Qh2 20. g4 Qxh3+
21. Qg2 Qxg2+ 22. Kxg2 Bf4 23. Bc2 Bxd2 24. Bxd3 Bc1 25. Na3 Bg5 26. Nc2 Rfe8 27. Rae1 Rxe2+ 28. Rxe2 Kf8 29. Kf3 h6 30. Ne3 Bxe3
31. Rxe3 Re8 32. Rxe8+ Kxe8 33. Ke4 Ke7 34. Kd5 Kd7 35. Bf5+
1-0

[Event "2013 Blitz Round Robin"]
[Site "SchemingMind.com"]
[Date "2013.02.21"]
[Round "-"]
[White "MazetaFighter"]
[Black "NAZRIZ1977"]
[Result "1-0"]
[WhiteCountry "GRE"]
[BlackCountry "WLS"]
[WhiteElo "1852"]
[WhiteRD "80"]
[BlackElo "1590"]
[BlackRD "64"]
[GameID "327202"]

1. d4 d6 2. Nf3 Nf6 3. c4 g6 4. Nc3 Bg7 5. e4 O-O 6. Be2 e5 7. dxe5 dxe5 8. Qxd8 Rxd8 9. Bg5 Re8 10. Nd5 Nxd5
11. cxd5 h6 12. Be3
1-0

[Event "2013 Blitz Round Robin"]
[Site "SchemingMind.com"]
[Date "2013.02.18"]
[Round "-"]
[White "MazetaFighter"]
[Black "krzysztof"]
[Result "1-0"]
[WhiteCountry "GRE"]
[BlackCountry "POL"]
[WhiteElo "1852"]
[WhiteRD "80"]
[BlackElo "1477"]
[BlackRD "66"]
[GameID "327203"]

1. e4 e5 2. Nf3 Nc6 3. Bb5 Qg5 4. Nxg5 h6 5. Nf3 d6 6. d4 Bd7 7. dxe5 dxe5 8. O-O Rd8 9. Nc3 Bh3 10. Qe2 Bxg2
11. Kxg2 Rd6 12. Nxe5 Nf6 13. Bxc6+ bxc6 14. Qc4 Re6 15. Nxc6
1-0

[Event "2013 Blitz Round Robin"]
[Site "SchemingMind.com"]
[Date "2013.02.17"]
[Round "-"]
[White "MazetaFighter"]
[Black "vitrazv"]
[Result "0-1"]
[WhiteCountry "GRE"]
[BlackCountry "MEX"]
[WhiteElo "1704"]
[WhiteRD "141"]
[BlackElo "1988"]
[BlackRD "92"]
[GameID "327204"]

1. d4 d5 2. c4 e6 3. Nc3 Nf6 4. Bg5 Be7 5. e3 h6 6. Bh4 O-O 7. Rc1 g5 8. Bg3 Bb4 9. Nf3 c5 10. Be2 cxd4
11. exd4 Ne4 12. a3 Nxc3 13. bxc3 Bxa3 14. Ne5 Bxc1 15. Qxc1 Nd7
0-1

[Event "2013 Blitz Round Robin"]
[Site "SchemingMind.com"]
[Date "2013.02.17"]
[Round "-"]
[White "MazetaFighter"]
[Black "simpet"]
[Result "1-0"]
[WhiteCountry "GRE"]
[BlackCountry "ENG"]
[WhiteElo "1852"]
[WhiteRD "80"]
[BlackElo "1608"]
[BlackRD "55"]
[GameID "327205"]

1. d4 Nf6 2. c4 e5 3. dxe5 Ng4 4. Nf3 Bc5 5. e3 Nc6 6. Be2 Ngxe5 7. Nxe5 Nxe5 8. O-O O-O 9. Nc3 d6 10. Na4 Be6
11. Nxc5 dxc5 12. b3 Qg5 13. f4 Qg6 14. fxe5 Bh3 15. Bf3 Rad8 16. Qe2 Bf5 17. e4 Bc8 18. Be3 b6 19. Rad1 Bb7 20. Bf2 Rfe8
21. Bg3 Rd4 22. Bh5 Rxe4 23. Bxg6 Rxe2 24. Bxf7+ Kh8 25. Bd5 Bc8 26. Rf7 h6 27. Rdf1 Kh7 28. Rxc7 Rxa2 29. Rff7 Ra1+ 30. Kf2 Bg4
31. Rxg7+
1-0

[Event "2013 Blitz Round Robin"]
[Site "SchemingMind.com"]
[Date "2013.02.22"]
[Round "-"]
[White "MazetaFighter"]
[Black "SAMAEL"]
[Result "1-0"]
[WhiteCountry "GRE"]
[BlackCountry "CAN"]
[WhiteElo "1852"]
[WhiteRD "80"]
[BlackElo "1713"]
[BlackRD "45"]
[GameID "327206"]

1. d4 d5 2. c4 e6 3. Nc3 Nf6 4. Bg5 Be7 5. e3 h6 6. Bh4 Nc6 7. Nf3 Nh7 8. Bxe7 Nxe7 9. Be2 O-O 10. O-O c6
11. Rc1 Bd7 12. c5 Rb8 13. Bd3 b6 14. b4 b5 15. Ne5 Nf6 16. f4 Bc8 17. g4 Nd7 18. f5 Nxe5 19. dxe5 exf5 20. gxf5 f6
21. e6 d4 22. exd4 Qxd4+ 23. Kh1 Qxb4 24. Ne4 Rd8 25. Nd6 a5 26. Rg1 Kh7 27. Qh5 Qd4 28. Rxg7+ Kxg7 29. Rg1+ Kh7 30. Qf7+
1-0

[Event "2013 Blitz Round Robin"]
[Site "SchemingMind.com"]
[Date "2013.02.17"]
[Round "-"]
[White "MazetaFighter"]
[Black "murgu"]
[Result "1/2-1/2"]
[WhiteCountry "GRE"]
[BlackCountry "ROU"]
[WhiteElo "1852"]
[WhiteRD "80"]
[BlackElo "1900"]
[BlackRD "80"]
[GameID "327207"]

1. e4 c5 2. Nf3 Nc6 3. Bb5 g6 4. O-O Nf6 5. Re1 Bg7 6. e5 Nd5 7. Nc3 Nc7 8. Bxc6 dxc6 9. Ne4 b6 10. Nf6+ Kf8
11. Ne4 Bg4 12. Nc3 Ne6 13. h3 Bxf3 14. Qxf3 Qc7 15. Qe4 Rd8 16. a3 Nd4 17. b4 f5 18. exf6 exf6 19. Bb2 f5 20. Qd3 Nb3
21. Nd5 Bxb2 22. Qxb3 cxd5 23. Qxb2 Kf7 24. bxc5=
1/2-1/2

[Event "2013 Blitz Round Robin"]
[Site "SchemingMind.com"]
[Date "2013.02.18"]
[Round "-"]
[White "fouche"]
[Black "MazetaFighter"]
[Result "1/2-1/2"]
[WhiteCountry "COL"]
[BlackCountry "GRE"]
[WhiteElo "1551"]
[WhiteRD "63"]
[BlackElo "1882"]
[BlackRD "72"]
[GameID "327208"]

1. d4 d5 2. c4 e6 3. Nc3 Nf6 4. Nf3 Be7 5. e3 O-O 6. Bd3 dxc4 7. Bxc4 c6 8. O-O Nbd7 9. Re1 b5 10. Bb3 Nb6
11. e4 Bb7 12. Bg5 Rc8 13. Rc1 b4 14. Na4 Nxa4 15. Bxa4 h6 16. Bh4 g5 17. Bg3 Nh5 18. d5 cxd5 19. exd5 Rxc1 20. Qxc1 Nxg3
21. hxg3 Bxd5 22. b3 Bf6 23. Ne5 Bxe5 24. Rxe5 f6 25. Re1 Qc8 26. Qe3 Qb7 27. f3 Rc8 28. Qd3 f5 29. Qd4 Qb6 30. Qxb6 axb6
31. Bd7 Rc5 32. Bxe6+ Kg7 33. Bxf5 Bxb3 34. axb3 Rxf5 35. Kf2 h5 36. Re4 Kf6 37. Rxb4 b5 38. Rd4 Rc5 39. Rd6+ Kg7 40. Ke3 Rc2
41. Rb6 Rc3+ 42. Ke4 Rxb3 43. Kf5 Rb2 44. Kxg5 Rxg2 45. Kf4 Rb2 46. Kg5 Rg2 47. Kh4 Rh2+ 48. Kg5 Rg2 49. g4 hxg4 50. fxg4 Kf7=
51. Rb7+ Ke6 52. Rxb5 Rg1 53. Kh5 Kf7 54. Rb6 Rh1+ 55. Kg5 Rg1 56. Rb7+ Kf8 57. Kf5 Ra1 58. Kg6 Ra6+ 59. Kh5 Kg8 60. g5 Rc6=
61. g6 Rc1 62. Rb8+=
1/2-1/2

[Event "2013 Blitz Round Robin"]
[Site "SchemingMind.com"]
[Date "2013.02.18"]
[Round "-"]
[White "Jacek"]
[Black "MazetaFighter"]
[Result "1/2-1/2"]
[WhiteCountry "POL"]
[BlackCountry "GRE"]
[WhiteElo "1815"]
[WhiteRD "70"]
[BlackElo "1852"]
[BlackRD "80"]
[GameID "327209"]

1. e4 e5 2. Bc4 Nf6 3. d4 exd4 4. Nf3 Nc6 5. O-O Nxe4 6. Re1 d5 7. Bxd5 Qxd5 8. Nc3 Qa5 9. Rxe4+ Be6 10. Nxd4 O-O-O
11. Be3 Nxd4 12. Rxd4 Bc5 13. Qh5 Bb6 14. Qxa5 Bxa5 15. Rad1 Bb6 16. Rxd8+ Rxd8 17. Rxd8+ Kxd8 18. Bxb6 axb6 19. f3 Ke7 20. Kf2 h6
21. h4 c6 22. Ke3 c5 23. a4 Kf6 24. Ne4+ Ke5 25. g3 Kd5=
1/2-1/2

[Event "2013 Blitz Round Robin"]
[Site "SchemingMind.com"]
[Date "2013.02.17"]
[Round "-"]
[White "Phillip Beckett"]
[Black "MazetaFighter"]
[Result "1/2-1/2"]
[WhiteCountry "ENG"]
[BlackCountry "GRE"]
[WhiteElo "1550"]
[WhiteRD "49"]
[BlackElo "1852"]
[BlackRD "80"]
[GameID "327210"]

1. e4 e5 2. Nf3 Nc6 3. Bb5 a6 4. Bxc6 dxc6 5. d4 exd4 6. Qxd4 Qxd4 7. Nxd4 Bd7 8. Be3 O-O-O 9. Nd2 Ne7 10. f3 c5
11. N4b3 b6 12. O-O-O Nc6 13. Rhe1 Be6 14. Nb1 Be7 15. Nc3 c4 16. Nd4 Nxd4 17. Bxd4 Bg5+ 18. Kb1 Rhg8 19. Bf2 Rxd1+ 20. Rxd1 Rd8
21. Rxd8+ Kxd8 22. b3 cxb3 23. axb3 Kd7 24. Ne2 c5 25. Ng3 g6 26. Ne2 Be7 27. Nf4 f5 28. Nxe6 Kxe6 29. exf5+ Kxf5 30. b4 cxb4
31. Bxb6 Bd6 32. g3 Ke5 33. Kb2 Kd5 34. Kb3 Kc6 35. Be3 a5 36. Ka4 Bc7 37. Bd4 Kd5 38. Be3 Kc4 39. Bd2 h5 40. Be1 Kd4
41. Bd2 Bb6 42. Kb5 Bd8 43. Ka4=
1/2-1/2

[Event "2013 Blitz Round Robin"]
[Site "SchemingMind.com"]
[Date "2013.02.22"]
[Round "-"]
[White "NAZRIZ1977"]
[Black "MazetaFighter"]
[Result "0-1"]
[WhiteCountry "WLS"]
[BlackCountry "GRE"]
[WhiteElo "1590"]
[WhiteRD "64"]
[BlackElo "1852"]
[BlackRD "80"]
[GameID "327211"]

1. d4 Nf6 2. Nf3 d5 3. e3 Bf5 4. c4 c6 5. Qb3 Qc7 6. Nc3 e6 7. Bd2 Nbd7 8. Rc1 dxc4 9. Bxc4 Bd6 10. O-O O-O
0-1

[Event "2013 Blitz Round Robin"]
[Site "SchemingMind.com"]
[Date "2013.02.18"]
[Round "-"]
[White "krzysztof"]
[Black "MazetaFighter"]
[Result "0-1"]
[WhiteCountry "POL"]
[BlackCountry "GRE"]
[WhiteElo "1477"]
[WhiteRD "66"]
[BlackElo "1852"]
[BlackRD "80"]
[GameID "327212"]

1. e4 e5 2. Nf3 Nf6 3. Bc4 Nc6 4. Nc3 Nxe4 5. Nxe4 d5 6. Bb3 dxe4 7. Ng1 Bc5 8. Qh5 Qf6 9. Qe2 Nd4 10. Qb5+ Nxb5
11. f3 exf3 12. Nxf3 e4 13. Rf1 exf3 14. Rxf3 Qe5+ 15. Kf1 O-O 16. c3 Qxh2
0-1

[Event "2013 Blitz Round Robin"]
[Site "SchemingMind.com"]
[Date "2013.02.17"]
[Round "-"]
[White "vitrazv"]
[Black "MazetaFighter"]
[Result "1-0"]
[WhiteCountry "MEX"]
[BlackCountry "GRE"]
[WhiteElo "1988"]
[WhiteRD "92"]
[BlackElo "1704"]
[BlackRD "141"]
[GameID "327213"]

1. e4 e5 2. Nf3 Nf6 3. Nc3 Nc6 4. Bb5 Bb4 5. O-O O-O 6. d3 d6 7. Bg5 Bxc3 8. bxc3 Qe7 9. Qd2 Nd8 10. Bh4 c6
11. Bc4 Be6 12. Bb3 Bxb3 13. axb3 Ne6 14. Qe3 h6 15. Rxa7
1-0

[Event "2013 Blitz Round Robin"]
[Site "SchemingMind.com"]
[Date "2013.02.17"]
[Round "-"]
[White "simpet"]
[Black "MazetaFighter"]
[Result "0-1"]
[WhiteCountry "ENG"]
[BlackCountry "GRE"]
[WhiteElo "1629"]
[WhiteRD "54"]
[BlackElo "1704"]
[BlackRD "141"]
[GameID "327214"]

1. e4 e5 2. f4 exf4 3. d3 Qh4+ 4. g3 fxg3 5. Bg2 gxh2+ 6. Kf1 hxg1=Q+ 7. Kxg1 Qf6 8. Nc3 Bc5+ 9. Kh2 Qh4+ 10. Bh3 d6
11. Qf3 Qxh3+ 12. Qxh3 Bxh3 13. Kxh3 Nf6 14. Bg5 Nbd7 15. Nb5 O-O-O 16. Nxa7+ Bxa7 17. Raf1 h6 18. Bxf6 Nxf6 19. Rf3 Rde8 20. b4 Bd4
21. c4 g5 22. Rf5 Kd7 23. a4 Ke6 24. b5 Nh5 25. Rhf1 Nf4+ 26. Kg3 Ra8
0-1

[Event "2013 Blitz Round Robin"]
[Site "SchemingMind.com"]
[Date "2013.02.22"]
[Round "-"]
[White "SAMAEL"]
[Black "MazetaFighter"]
[Result "1/2-1/2"]
[WhiteCountry "CAN"]
[BlackCountry "GRE"]
[WhiteElo "1713"]
[WhiteRD "45"]
[BlackElo "1852"]
[BlackRD "80"]
[GameID "327215"]

1. d4 d5 2. e3 Nf6 3. Nf3 Bf5 4. c4 c6 5. Nc3 e6 6. Be2 dxc4 7. Bxc4 Nbd7 8. O-O Bd6 9. Bd3 Bg4 10. Be2 O-O
11. h3 Bxf3 12. Bxf3 e5 13. dxe5 Nxe5 14. Be2 Re8 15. Re1 Bb4 16. Qc2 Qe7 17. Bd2 Rad8 18. a3 Bd6 19. Rad1 Ned7 20. Bc4 Nb6
21. Be2 Nbd5 22. Nxd5 Nxd5 23. Bf3 Be5= 24. Bxd5 Rxd5 25. Bc3 Bxc3 26. Qxc3 Red8 27. Qc2 Qd7 28. Rxd5 Qxd5 29. f3 Qd2 30. Re2 Qxc2
31. Rxc2 Kf8 32. Kf2 Ke7 33. Ke2 Ke6 34. Rc3 Rd5=
1/2-1/2

[Event "2013 Blitz Round Robin"]
[Site "SchemingMind.com"]
[Date "2013.02.17"]
[Round "-"]
[White "murgu"]
[Black "MazetaFighter"]
[Result "1/2-1/2"]
[WhiteCountry "ROU"]
[BlackCountry "GRE"]
[WhiteElo "1900"]
[WhiteRD "80"]
[BlackElo "1852"]
[BlackRD "80"]
[GameID "327216"]

1. Nf3 c5 2. c4 Nf6 3. Nc3 Nc6 4. d4 cxd4 5. Nxd4 e6 6. Ndb5 d5 7. Bf4 e5 8. cxd5 exf4 9. dxc6 bxc6 10. Qxd8+ Kxd8
11. O-O-O+ Bd7 12. Nd6 Kc7 13. Nxf7 Rg8 14. Ne5 Bf5 15. Rd4 Re8 16. Nd3 g5 17. h4 h6 18. hxg5 hxg5 19. f3 Bd6 20. Kd2 a5
21. Rc4 Kb7= 22. Rh6 Rg6 23. Rxg6 Bxg6 24. b3 Kb6=
1/2-1/2